000 00637nam a22002057a 4500
005 20251108170747.0
008 250721s1998 xx 000 0 ara d
082 1 4 _a641.3/طاء
100 1 _aالطائر، صالح رمضان
_eمؤلف
245 1 0 _aالتغذية البشرية :
_bالأس والتطبيق /
264 1 _aطرابلس(ليبيا) :
_bجامعة الفاتح،
_c1998.
300 _a303ص.
650 1 7 _aالتغذية
650 1 7 _aعلم التغدية
650 1 7 _aتغذيةالإنسان
650 1 7 _aالفتيامنات
650 1 7 _aالبروتينات
942 _2ddc
_cBK
999 _c48358
_d48358